[Event "London Classic op 7th"]
[Site "London"]
[Date "2015.12.09"]
[Round "7"]
[White "Salimbeni, George PW"]
[Black "Haussernot, Cecile"]
[Result "0-1"]
[WhiteElo "2107"]
[BlackElo "2242"]
[PlyCount "62"]
[EventDate "2015.12.04"]
[EventType "swiss"]
[EventRounds "9"]
[EventCountry "ENG"]
[SourceTitle "CBM 169 Extra"]
[Source "ChessBase"]
[SourceDate "2015.12.18"]
[SourceVersion "1"]
[SourceVersionDate "2015.12.18"]
[SourceQuality "1"]

1. e4 c5 2. Nf3 d6 3. Bb5+ Nd7 4. d4 cxd4 5. Qxd4 a6 6. Bxd7+ Bxd7 7. 0-0 e5 8. Qd3 Be7 9. Nc3 Rc8 10. Re1 h6 11. Nd5 Bb5 12. Qd1 Nf6 13. Nxf6+ Bxf6 14. b3 0-0 15. c4 Bc6 16. Ba3 Be7 17. Qd3 Qc7 18. Rad1 Rfd8 19. Bb4 Rd7 20. Qc3 b6 21. a4 Qb7 22. Qd3 f5 23. Nd2 fxe4 24. Qh3 Rf8 25. Nxe4 a5 26. Ba3 d5 27. Qe6+ Rf7 28. cxd5 Bxd5 29. Rxd5 Qxd5 30. Qxd5 Rxd5 31. Bb2 Bb4 0-1

[Event "London Classic op 7th"]
[Site "London"]
[Date "2015.12.04"]
[Round "1"]
[White "Salimbeni, George PW"]
[Black "Rambaldi, Francesco"]
[Result "0-1"]
[WhiteElo "2107"]
[BlackElo "2557"]
[PlyCount "82"]
[EventDate "2015.12.04"]
[EventType "swiss"]
[EventRounds "9"]
[EventCountry "ENG"]
[SourceTitle "CBM 169 Extra"]
[Source "ChessBase"]
[SourceDate "2015.12.18"]
[SourceVersion "1"]
[SourceVersionDate "2015.12.18"]
[SourceQuality "1"]

1. e4 d6 2. d4 Nf6 3. Nc3 g6 4. Nf3 Bg7 5. Be2 0-0 6. 0-0 a6 7. a4 Nc6 8. h3 e5 9. Be3 exd4 10. Nxd4 Re8 11. Nxc6 bxc6 12. Bf3 Nd7 13. Qd2 Rb8 14. Rab1 Qe7 15. Ba7 Rb7 16. Bd4 Bxd4 17. Qxd4 a5 18. Rfe1 Qg5 19. Qe3 Qf6 20. Qd2 Nc5 21. Re3 Qg5 22. Re2 Qe5 23. b3 Ne6 24. Rd1 Rb4 25. Re3 Rd4 26. Rd3 c5 27. Nd5 Rxd3 28. Qxd3 Bd7 29. Bg4 Nf4 30. Nxf4 Bxg4 31. hxg4 Qxf4 32. f3 Rb8 33. Qc3 Rb4 34. Kf2 Rxe4 35. Qxa5 Qe3+ 36. Kg3 h5 37. Qa8+ Re8 38. Qd5 hxg4 39. Rd3 Qe1+ 40. Kh2 Qh4+ 41. Kg1 Re1# 0-1

[Event "Guernsey op 41st"]
[Site "Vale"]
[Date "2015.10.24"]
[Round "7"]
[White "Kirby, Peter J"]
[Black "Salimbeni, George PW"]
[Result "1/2-1/2"]
[WhiteElo "1977"]
[BlackElo "2142"]
[PlyCount "86"]
[EventDate "2015.10.18"]
[EventType "swiss"]
[EventRounds "7"]
[EventCountry "GCI"]
[SourceTitle "EXT 2017"]
[Source "ChessBase"]
[SourceDate "2016.10.25"]
[SourceVersion "1"]
[SourceVersionDate "2016.10.25"]
[SourceQuality "1"]

1. c4 Nf6 2. Nf3 e6 3. g3 Be7 4. Bg2 0-0 5. 0-0 d5 6. d4 c6 7. Qc2 Nbd7 8. Nbd2 b6 9. e4 dxe4 10. Nxe4 Bb7 11. Rd1 Rc8 12. Bf4 Nxe4 13. Qxe4 Nf6 14. Qc2 Nh5 15. Be3 Bd6 16. Ng5 g6 17. Ne4 Be7 18. Qd2 Ng7 19. Bf4 Re8 20. Ng5 h6 21. Nf3 g5 22. Be3 Nf5 23. Ne5 Bf6 24. f4 Nxe3 25. Qxe3 Bg7 26. Qf3 Rc7 27. Qh5 gxf4 28. gxf4 Qf6 29. Rf1 Rd8 30. Rad1 c5 31. dxc5 bxc5 32. b3 Bxg2 33. Kxg2 Rxd1 34. Qxd1 Qe7 35. Qf3 Rc8 36. Rd1 Qh4 37. Qg3 Qxg3+ 38. hxg3 Rc7 39. Rd8+ Kh7 40. Kf3 Bf6 41. Ra8 Bxe5 42. fxe5 Kg6 43. g4 Kg7 1/2-1/2

[Event "Guernsey op 41st"]
[Site "Vale"]
[Date "2015.10.18"]
[Round "1"]
[White "Salimbeni, George PW"]
[Black "Morcom, Huw"]
[Result "1-0"]
[WhiteElo "2142"]
[BlackElo "1966"]
[PlyCount "49"]
[EventDate "2015.10.18"]
[EventType "swiss"]
[EventRounds "7"]
[EventCountry "GCI"]
[SourceTitle "EXT 2017"]
[Source "ChessBase"]
[SourceDate "2016.10.25"]
[SourceVersion "1"]
[SourceVersionDate "2016.10.25"]
[SourceQuality "1"]

1. e4 c5 2. c3 a6 3. Nf3 e6 4. d4 Qc7 5. Bd3 c4 6. Bc2 Nf6 7. 0-0 h6 8. Nbd2 d5 9. e5 Ng8 10. h4 Nc6 11. Qe2 Bd7 12. b3 Na5 13. Bb2 Ne7 14. Rfc1 Nc8 15. g3 Nb6 16. Kg2 Rc8 17. b4 Nc6 18. a4 Nxb4 19. a5 Na8 20. cxb4 c3 21. Ba4 Bxb4 22. Nb1 Bxa5 23. Bxd7+ Kxd7 24. Nxc3 Qb6 25. Na4 1-0

[Event "BCF-chT2a 1415 (4NCL)"]
[Site "England"]
[Date "2014.11.16"]
[Round "2.232"]
[White "Buckley, Graeme N"]
[Black "Salimbeni, George PW"]
[Result "1/2-1/2"]
[WhiteElo "2336"]
[BlackElo "2144"]
[PlyCount "86"]
[EventDate "2014.11.15"]
[EventType "team-tourn"]
[EventRounds "7"]
[EventCountry "ENG"]
[SourceTitle "CBM 163 Extra"]
[Source "ChessBase"]
[SourceDate "2014.12.23"]
[SourceVersion "1"]
[SourceVersionDate "2014.12.23"]
[SourceQuality "1"]
[WhiteTeam "Guildford III"]
[BlackTeam "Sussex Martlets"]
[WhiteTeamCountry "ENG"]
[BlackTeamCountry "ENG"]

1. e4 e5 2. Nf3 Nc6 3. Bb5 a6 4. Ba4 Nf6 5. 0-0 Be7 6. Re1 b5 7. Bb3 d6 8. c3 0-0 9. h3 Bb7 10. d4 Re8 11. Nbd2 Bf8 12. Bc2 h6 13. Bb1 Qd7 14. Nb3 Rad8 15. a4 bxa4 16. Nbd2 a3 17. bxa3 d5 18. exd5 Qxd5 19. Ba2 Qd7 20. dxe5 Nd5 21. Qc2 Nce7 22. Ne4 Ng6 23. Bxh6 Nxe5 24. Nxe5 Rxe5 25. Bd2 Rde8 26. f3 Qc6 27. c4 f5 28. Nf2 Rxe1+ 29. Rxe1 Rxe1+ 30. Bxe1 Ne3 31. Qd3 Bc5 32. Qd8+ Kh7 33. Qh4+ Kg8 34. Qd8+ Kh7 35. Qg5 Qe6 36. Kh2 Nf1+ 37. Kg1 Qxe1 38. Qxf5+ Kg8 39. Qxc5 Ng3+ 40. Kh2 Nf1+ 41. Kg1 Ne3+ 42. Kh2 Qxf2 43. Qg5 Nf1+ 1/2-1/2

[Event "GBR-ch 98th"]
[Site "Sheffield"]
[Date "2011.08.04"]
[Round "10"]
[White "Salimbeni, George PW"]
[Black "Constantinou, Peter"]
[Result "1/2-1/2"]
[WhiteElo "2150"]
[BlackElo "2292"]
[PlyCount "72"]
[EventDate "2011.07.24"]
[EventType "swiss"]
[EventRounds "11"]
[EventCountry "ENG"]
[SourceTitle "CBM 143 Extra"]
[Source "ChessBase"]
[SourceDate "2011.08.29"]
[SourceVersion "1"]
[SourceVersionDate "2011.08.29"]
[SourceQuality "1"]

1. e4 g6 2. d4 Bg7 3. Nc3 c6 4. Be3 Qb6 5. Rb1 d6 6. Qd2 Qc7 7. Nf3 Nd7 8. Be2 e5 9. 0-0 Ngf6 10. h3 0-0 11. b4 Re8 12. dxe5 dxe5 13. a4 Nh5 14. Bc4 Nf8 15. Ng5 Re7 16. Rfd1 h6 17. Nf3 Rd7 18. Qc1 Nf4 19. Rxd7 Bxd7 20. Qb2 N8e6 21. Qb3 Nd4 22. Bxd4 exd4 23. Ne2 Nxe2+ 24. Bxe2 Qf4 25. Bc4 Re8 26. Re1 Rxe4 27. Bxf7+ Kh7 28. Rxe4 Qxe4 29. Bg8+ Kh8 30. Bc4 Qf4 31. Qd3 Kh7 32. Qe2 b5 33. axb5 cxb5 34. Bd3 Qc1+ 35. Kh2 Qf4+ 36. g3 Qf8 1/2-1/2

[Event "GBR-ch 97th"]
[Site "Canterbury"]
[Date "2010.08.06"]
[Round "11"]
[White "Jameson, David"]
[Black "Salimbeni, George PW"]
[Result "1/2-1/2"]
[WhiteElo "2047"]
[BlackElo "2164"]
[PlyCount "35"]
[EventDate "2010.07.26"]
[EventType "swiss"]
[EventRounds "11"]
[EventCountry "ENG"]
[SourceTitle "CBM 137 Extra"]
[Source "ChessBase"]
[SourceDate "2010.09.01"]
[SourceVersion "1"]
[SourceVersionDate "2010.09.01"]
[SourceQuality "1"]

1. e4 e5 2. Nf3 Nc6 3. Bb5 a6 4. Ba4 Nf6 5. 0-0 Be7 6. d4 exd4 7. e5 Ne4 8. Nxd4 Nxd4 9. Qxd4 Nc5 10. Nc3 0-0 11. Nd5 Nxa4 12. Qxa4 d6 13. Nxe7+ Qxe7 14. exd6 Qxd6 15. Bf4 Qe7 16. Rfe1 Be6 17. Qe4 c6 18. Rad1 1/2-1/2

[Event "GBR-ch 97th"]
[Site "Canterbury"]
[Date "2010.08.04"]
[Round "9"]
[White "Eames, Robert"]
[Black "Salimbeni, George PW"]
[Result "1-0"]
[WhiteElo "2287"]
[BlackElo "2164"]
[PlyCount "65"]
[EventDate "2010.07.26"]
[EventType "swiss"]
[EventRounds "11"]
[EventCountry "ENG"]
[SourceTitle "CBM 137 Extra"]
[Source "ChessBase"]
[SourceDate "2010.09.01"]
[SourceVersion "1"]
[SourceVersionDate "2010.09.01"]
[SourceQuality "1"]

1. e4 e5 2. f4 exf4 3. Bc4 Nf6 4. Nc3 Bb4 5. Nge2 c6 6. Bb3 d5 7. exd5 cxd5 8. d4 Bg4 9. Qd3 0-0 10. 0-0 f3 11. Ng3 Nc6 12. Bg5 Be7 13. gxf3 Bh3 14. Rfe1 Rc8 15. Kh1 h6 16. Be3 Qd7 17. Nce2 Nb4 18. Qd2 h5 19. Bg5 Ne4 20. Nxe4 dxe4 21. Bxe7 Qxe7 22. Nf4 Bf5 23. c3 Nc6 24. Bc2 Qh4 25. Bxe4 Bxe4 26. fxe4 Rfe8 27. Qe3 Ne7 28. Rg1 Nf5 29. Qf3 Nd6 30. e5 Nc4 31. Nxh5 Kh8 32. Rae1 Rc6 33. Qxf7 1-0

[Event "GBR-ch 97th"]
[Site "Canterbury"]
[Date "2010.07.27"]
[Round "2"]
[White "Salimbeni, George PW"]
[Black "Mason, Donald"]
[Result "1/2-1/2"]
[WhiteElo "2164"]
[BlackElo "2219"]
[PlyCount "50"]
[EventDate "2010.07.26"]
[EventType "swiss"]
[EventRounds "11"]
[EventCountry "ENG"]
[SourceTitle "CBM 137 Extra"]
[Source "ChessBase"]
[SourceDate "2010.09.01"]
[SourceVersion "1"]
[SourceVersionDate "2010.09.01"]
[SourceQuality "1"]

1. e4 c5 2. c3 Nf6 3. e5 Nd5 4. d4 cxd4 5. Nf3 Nc6 6. Bc4 Nb6 7. Bb3 d5 8. exd6 Qxd6 9. 0-0 Be6 10. Na3 dxc3 11. Qe2 Bxb3 12. Nb5 Qb8 13. axb3 e5 14. Nbd4 f6 15. Nxc6 bxc6 16. Nh4 Qc7 17. bxc3 g6 18. f4 Bc5+ 19. Kh1 0-0 20. fxe5 fxe5 21. Bh6 Rxf1+ 22. Rxf1 Bf8 23. Bxf8 Rxf8 24. Rxf8+ Kxf8 25. Nf3 Kg7 1/2-1/2

[Event "BCF-chT3 0910 (4NCL)"]
[Site "England"]
[Date "2010.03.28"]
[Round "8.2"]
[White "Longson, Alexander"]
[Black "Salimbeni, George PW"]
[Result "0-1"]
[WhiteElo "2249"]
[BlackElo "2170"]
[PlyCount "94"]
[EventDate "2009.10.24"]
[EventType "team-tourn"]
[EventRounds "11"]
[EventCountry "ENG"]
[SourceTitle "EXT 2011"]
[Source "ChessBase"]
[SourceDate "2010.11.26"]
[SourceVersion "1"]
[SourceVersionDate "2010.11.26"]
[SourceQuality "1"]
[WhiteTeam "3Cs"]
[BlackTeam "Sussex Smart Controls"]
[WhiteTeamCountry "ENG"]
[BlackTeamCountry "ENG"]

1. e4 e5 2. Nf3 Nc6 3. Bb5 a6 4. Ba4 Nf6 5. 0-0 Be7 6. Re1 b5 7. Bb3 d6 8. c3 0-0 9. h3 Bb7 10. d4 Re8 11. Nbd2 Bf8 12. Bc2 h6 13. a4 exd4 14. cxd4 Nb4 15. Bb1 c5 16. d5 Nd7 17. Ra3 c4 18. axb5 axb5 19. Nd4 Qb6 20. N2f3 Nc5 21. Ree3 Rxa3 22. bxa3 Nbd3 23. Bxd3 Nxd3 24. Bd2 Ra8 25. Nc2 f5 26. exf5 Bxd5 27. Bc3 Bf7 28. Nfd4 Re8 29. Ne6 Bxe6 30. fxe6 Nf4 31. Qg4 Nd5 32. Qh5 Qc6 33. Nd4 Qa8 34. Qf7+ Kh7 35. e7 Nxe3 36. fxe3 Rxe7 37. Qf5+ Kg8 38. Qxb5 Qe4 39. Bd2 d5 40. a4 Re5 41. Nf3 Rf5 42. a5 c3 43. Bc1 Qc2 44. Qf1 Bd6 45. Qe1 Rxf3 46. gxf3 Qh2+ 47. Kf1 Bg3 0-1

[Event "Hastings Masters op 85th"]
[Site "Hastings"]
[Date "2010.01.04"]
[Round "8"]
[White "Tari, Aryan"]
[Black "Salimbeni, George PW"]
[Result "0-1"]
[WhiteElo "1932"]
[BlackElo "2162"]
[PlyCount "38"]
[EventDate "2009.12.28"]
[EventType "swiss"]
[EventRounds "9"]
[EventCountry "ENG"]
[SourceTitle "CBM 134 Extra"]
[Source "ChessBase"]
[SourceDate "2010.03.03"]
[SourceVersion "1"]
[SourceVersionDate "2010.03.03"]
[SourceQuality "1"]

1. e4 g6 2. d4 Bg7 3. Nf3 d6 4. Be3 Nd7 5. Bd3 b6 6. 0-0 Bb7 7. Nbd2 e6 8. c3 Ngf6 9. h3 0-0 10. Nh2 e5 11. f4 exd4 12. cxd4 Re8 13. e5 dxe5 14. fxe5 Nxe5 15. dxe5 Qxd3 16. exf6 Qxe3+ 17. Kh1 Rad8 18. Nhf3 Bxf6 19. Re1 Bxf3 0-1

[Event "Hastings Masters op 85th"]
[Site "Hastings"]
[Date "2010.01.03"]
[Round "7"]
[White "Eggleston, David"]
[Black "Salimbeni, George PW"]
[Result "1-0"]
[WhiteElo "2367"]
[BlackElo "2162"]
[PlyCount "101"]
[EventDate "2009.12.28"]
[EventType "swiss"]
[EventRounds "9"]
[EventCountry "ENG"]
[SourceTitle "CBM 134 Extra"]
[Source "ChessBase"]
[SourceDate "2010.03.03"]
[SourceVersion "1"]
[SourceVersionDate "2010.03.03"]
[SourceQuality "1"]

1. e4 e5 2. Nf3 Nc6 3. Bc4 Bc5 4. b4 d5 5. Bxd5 Nxb4 6. Bb3 Nf6 7. d3 Nc6 8. Bb2 Bg4 9. Nbd2 Qe7 10. Ba4 Bd4 11. c3 Bb6 12. h3 Bxf3 13. Nxf3 Qc5 14. 0-0 0-0-0 15. Bxc6 Qxc6 16. Qb3 Rhe8 17. Rad1 Qe6 18. Ng5 Qxb3 19. axb3 h6 20. Nf3 Nh5 21. Kh2 Nf4 22. Ne1 a5 23. g3 Ne6 24. Ba3 Bc5 25. Bc1 g5 26. f4 exf4 27. gxf4 Nxf4 28. Bxf4 gxf4 29. Ng2 f3 30. Nh4 f2 31. Nf5 Re6 32. Kg2 Bb6 33. Kf3 h5 34. d4 Rde8 35. e5 Rg6 36. Rxf2 f6 37. Re2 fxe5 38. dxe5 Rc6 39. c4 a4 40. Red2 Kb8 41. Rd8+ Rxd8 42. Rxd8+ Ka7 43. bxa4 Rxc4 44. e6 Bc5 45. Rd5 Kb6 46. a5+ Kc6 47. e7 Rc3+ 48. Ke4 Rc4+ 49. Ke5 Bd6+ 50. Nxd6 cxd6+ 51. Rxd6+ 1-0

[Event "Hastings Masters op 85th"]
[Site "Hastings"]
[Date "2009.12.29"]
[Round "2"]
[White "Salimbeni, George PW"]
[Black "McKenna, Jason P"]
[Result "1/2-1/2"]
[WhiteElo "2162"]
[BlackElo "2147"]
[PlyCount "121"]
[EventDate "2009.12.28"]
[EventType "swiss"]
[EventRounds "9"]
[EventCountry "ENG"]
[SourceTitle "CBM 134 Extra"]
[Source "ChessBase"]
[SourceDate "2010.03.03"]
[SourceVersion "1"]
[SourceVersionDate "2010.03.03"]
[SourceQuality "1"]

1. e4 g6 2. d4 Bg7 3. Nc3 d6 4. Be3 c6 5. Qd2 Nf6 6. f3 Nbd7 7. 0-0-0 b5 8. Kb1 Qa5 9. Bh6 Bxh6 10. Qxh6 Rb8 11. Bd3 Nb6 12. Qg5 Be6 13. d5 b4 14. Nb5 cxb5 15. dxe6 fxe6 16. Bxb5+ Kf8 17. Qh6+ Kf7 18. Bd3 Rhc8 19. Nh3 Rc5 20. b3 Rg8 21. Qe3 g5 22. Rhf1 Qa3 23. Qd4 e5 24. Qa1 a5 25. g3 a4 26. Qb2 Qxb2+ 27. Kxb2 a3+ 28. Kb1 Ke6 29. Rd2 g4 30. Ng1 gxf3 31. Nxf3 Rg4 32. Rg1 Rc8 33. Re1 h6 34. Nh4 Rf8 35. Nf5 h5 36. Nh6 Rg6 37. Nf5 Rg4 38. Kc1 Nfd7 39. Rf2 Rf6 40. Bf1 Nc5 41. Bg2 Kd7 42. Rd2 Rg8 43. Bf3 Rh8 44. Re3 Rff8 45. c3 Rc8 46. Kd1 Na6 47. c4 Rh7 48. Re1 Nc5 49. Kc2 Ne6 50. Red1 Kc7 51. h4 Rf8 52. Bg2 Nd7 53. Kd3 Nf6 54. Ke3 Ng4+ 55. Ke2 Nd4+ 56. Kd3 Ne6 57. Bf3 Nc5+ 58. Ke2 Nf6 59. Ke3 Rhf7 60. Nh6 Rh7 61. Nf5 1/2-1/2

[Event "Hastings Masters op 85th"]
[Site "Hastings"]
[Date "2009.12.28"]
[Round "1"]
[White "Lorscheid, Gerhard"]
[Black "Salimbeni, George PW"]
[Result "1/2-1/2"]
[WhiteElo "2348"]
[BlackElo "2162"]
[PlyCount "29"]
[EventDate "2009.12.28"]
[EventType "swiss"]
[EventRounds "9"]
[EventCountry "ENG"]
[SourceTitle "CBM 134 Extra"]
[Source "ChessBase"]
[SourceDate "2010.03.03"]
[SourceVersion "1"]
[SourceVersionDate "2010.03.03"]
[SourceQuality "1"]

1. d4 Nf6 2. c4 g6 3. f3 d5 4. cxd5 Nxd5 5. e4 Nb6 6. Nc3 Bg7 7. Be3 Nc6 8. d5 Nb8 9. Qd2 c6 10. Rc1 cxd5 11. Bb5+ Bd7 12. Bxb6 axb6 13. Nxd5 Bc6 14. Rd1 e6 15. Bxc6+ 1/2-1/2

[Event "BCF-chT3 0910 (4NCL)"]
[Site "England"]
[Date "2009.10.25"]
[Round "2.1"]
[White "Crouch, Colin S"]
[Black "Salimbeni, George PW"]
[Result "1-0"]
[WhiteElo "2346"]
[BlackElo "2163"]
[PlyCount "81"]
[EventDate "2009.10.24"]
[EventType "team-tourn"]
[EventRounds "11"]
[EventCountry "ENG"]
[SourceTitle "EXT 2011"]
[Source "ChessBase"]
[SourceDate "2010.11.26"]
[SourceVersion "1"]
[SourceVersionDate "2010.11.26"]
[SourceQuality "1"]
[WhiteTeam "Braille Chess Association"]
[BlackTeam "Sussex Smart Controls"]
[WhiteTeamCountry "ENG"]
[BlackTeamCountry "ENG"]

1. d4 Nf6 2. Nf3 g6 3. Bg5 Bg7 4. Nbd2 d5 5. e3 0-0 6. Bd3 Nbd7 7. Qe2 b6 8. e4 dxe4 9. Nxe4 Bb7 10. 0-0-0 Re8 11. Ne5 Qc8 12. Ng3 c5 13. Rhe1 cxd4 14. Nxf7 Qc5 15. Ne5 Nxe5 16. Qxe5 Qxe5 17. Rxe5 Nd5 18. Re2 e5 19. Be4 Rac8 20. Kb1 Rc5 21. Bxd5+ Rxd5 22. Ne4 Kf7 23. c4 Rd7 24. f3 h6 25. Bh4 g5 26. Bg3 Kg6 27. b3 Bc6 28. a4 a6 29. Kc2 Red8 30. Kd3 Kf5 31. Rde1 Re7 32. h4 Bxe4+ 33. Rxe4 a5 34. Rh1 Kg6 35. Be1 Bf8 36. Bd2 Rg7 37. Rh3 Kf5 38. hxg5 hxg5 39. Rh8 Re8 40. Rh6 Re6 41. g4# 1-0

[Event "BCF-chT3 0910 (4NCL)"]
[Site "England"]
[Date "2009.10.24"]
[Round "1.1"]
[White "Salimbeni, George PW"]
[Black "Ackley, Peter JE"]
[Result "1/2-1/2"]
[WhiteElo "2163"]
[BlackElo "2095"]
[PlyCount "68"]
[EventDate "2009.10.24"]
[EventType "team-tourn"]
[EventRounds "11"]
[EventCountry "ENG"]
[SourceTitle "EXT 2011"]
[Source "ChessBase"]
[SourceDate "2010.11.26"]
[SourceVersion "1"]
[SourceVersionDate "2010.11.26"]
[SourceQuality "1"]
[WhiteTeam "Sussex Smart Controls"]
[BlackTeam "Sambuca Black Sheep"]
[WhiteTeamCountry "ENG"]
[BlackTeamCountry "ENG"]

1. e4 e6 2. d4 d5 3. Nd2 Be7 4. Bd3 c5 5. Ngf3 Nf6 6. e5 Nfd7 7. c3 Nc6 8. 0-0 a5 9. Qe2 cxd4 10. cxd4 g5 11. Qe3 Qb6 12. h3 h5 13. g4 a4 14. Nb1 hxg4 15. hxg4 Rh3 16. Be2 Rxf3 17. Bxf3 Qxd4 18. Qxd4 Nxd4 19. Bd1 Nxe5 20. Nc3 Bd7 21. Kg2 Ng6 22. Be3 Nf4+ 23. Kg1 Bf6 24. Rb1 Bc6 25. Bxd4 Bxd4 26. Ne2 Nxe2+ 27. Bxe2 Ke7 28. Kg2 e5 29. Rh1 e4 30. f3 e3 31. Bd3 Be5 32. Kf1 d4 33. Ke2 Bd5 34. a3 Bc6 1/2-1/2

[Event "GBR-ch 96th"]
[Site "Torquay"]
[Date "2009.08.04"]
[Round "8"]
[White "Salimbeni, George PW"]
[Black "Birtwistle, Nigel"]
[Result "0-1"]
[WhiteElo "2115"]
[BlackElo "2186"]
[PlyCount "120"]
[EventDate "2009.07.27"]
[EventType "swiss"]
[EventRounds "11"]
[EventCountry "ENG"]
[SourceTitle "CBM 131 Extra"]
[Source "ChessBase"]
[SourceDate "2009.09.03"]
[SourceVersion "2"]
[SourceVersionDate "2009.09.16"]
[SourceQuality "1"]

1. e4 c5 2. c3 g6 3. d4 cxd4 4. cxd4 d5 5. exd5 Nf6 6. Bb5+ Nbd7 7. Nc3 Bg7 8. d6 0-0 9. dxe7 Qxe7+ 10. Be2 a6 11. Be3 Re8 12. Qd2 b5 13. Bf3 Rb8 14. Nge2 Nb6 15. Bf4 Nc4 16. Qd1 Nxb2 17. Qc2 Nc4 18. Bxb8 Bf5 19. Qc1 Rxb8 20. 0-0 Rd8 21. Re1 Qf8 22. Qg5 Rd6 23. Nf4 Nd2 24. Qg3 b4 25. Ncd5 Nfe4 26. Bxe4 Nxe4 27. Qe3 g5 28. g4 gxf4 29. Qxf4 Bg6 30. Ne3 Rxd4 31. Rad1 Nd2 32. Qg3 Be5 33. Rxd2 Bxg3 34. Rxd4 Be5 35. Rd5 Bc3 36. Red1 Kg7 37. h4 h6 38. h5 Be4 39. Nf5+ Bxf5 40. Rxf5 Qe7 41. Rdd5 Qe2 42. g5 Qxh5 43. gxh6+ Qxh6 44. Rf3 Qc1+ 45. Kg2 Qc2 46. Ra5 Bb2 47. Rxa6 Ba3 48. Rg3+ Kf8 49. Ra8+ Ke7 50. Ra7+ Ke6 51. Re3+ Kd6 52. Rf3 Qxa2 53. Raxf7 b3 54. Rb7 b2 55. Rfb3 Qb1 56. R7b5 Kc6 57. Rb6+ Kc5 58. R3b5+ Kc4 59. Rb3 Qg6+ 60. Kf3 Qxb6 0-1

[Event "GBR-ch 96th"]
[Site "Torquay"]
[Date "2009.08.03"]
[Round "7"]
[White "LeMoir, David A"]
[Black "Salimbeni, George PW"]
[Result "0-1"]
[WhiteElo "2009"]
[BlackElo "2115"]
[PlyCount "90"]
[EventDate "2009.07.27"]
[EventType "swiss"]
[EventRounds "11"]
[EventCountry "ENG"]
[SourceTitle "CBM 131 Extra"]
[Source "ChessBase"]
[SourceDate "2009.09.03"]
[SourceVersion "2"]
[SourceVersionDate "2009.09.16"]
[SourceQuality "1"]

1. e4 e5 2. Nf3 Nc6 3. Bb5 a6 4. Ba4 Nf6 5. d3 b5 6. Bb3 Be7 7. c3 d6 8. Nbd2 0-0 9. Nf1 Re8 10. Ne3 h6 11. h3 Bf8 12. g4 Na5 13. Bc2 d5 14. Qe2 c5 15. g5 hxg5 16. Nxg5 d4 17. Ng4 c4 18. Nxf6+ Qxf6 19. Bd2 dxc3 20. bxc3 Bc5 21. Rd1 cxd3 22. Bxd3 Rd8 23. Be3 Bxe3 24. Qxe3 Be6 25. Nxe6 Qxe6 26. 0-0 Rac8 27. Bb1 Nc4 28. Qg3 Nd2 29. Rfe1 Qc4 30. Re3 Rd6 31. Qg2 Rcd8 32. Kh1 Nxb1 33. Rxb1 Qxa2 34. Rg1 g6 35. Qh2 Qe6 36. Rg5 Rd1+ 37. Kg2 Re8 38. h4 Rd2 39. h5 Qf6 40. Qg3 Rxf2+ 41. Qxf2 Qxg5+ 42. Rg3 Qxh5 43. Qf6 Qe2+ 44. Kg1 Qe1+ 45. Kh2 Qxe4 0-1

[Event "GBR-ch 96th"]
[Site "Torquay"]
[Date "2009.07.27"]
[Round "1"]
[White "Littlewood, John Eric"]
[Black "Salimbeni, George PW"]
[Result "0-1"]
[WhiteElo "2188"]
[BlackElo "2115"]
[PlyCount "40"]
[EventDate "2009.07.27"]
[EventType "swiss"]
[EventRounds "11"]
[EventCountry "ENG"]
[SourceTitle "CBM 131 Extra"]
[Source "ChessBase"]
[SourceDate "2009.09.03"]
[SourceVersion "2"]
[SourceVersionDate "2009.09.16"]
[SourceQuality "1"]

1. e4 e5 2. Nf3 Nc6 3. Bb5 a6 4. Ba4 Nf6 5. Qe2 b5 6. Bb3 Be7 7. a4 Bb7 8. axb5 axb5 9. Rxa8 Bxa8 10. Qxb5 Nxe4 11. Qd5 Nd6 12. Nxe5 Bf6 13. Ng4 0-0 14. Qf3 Nd4 15. Nxf6+ Kh8 16. Qf4 Qe7+ 17. Qe3 Qxf6 18. 0-0 Re8 19. Qh3 Ne2+ 20. Kh1 Nf4 0-1

[Event "South Wales op 6th"]
[Site "Treforest"]
[Date "2009.07.11"]
[Round "1"]
[White "Salimbeni, George PW"]
[Black "Petrov, Marian"]
[Result "0-1"]
[WhiteElo "2115"]
[BlackElo "2479"]
[PlyCount "104"]
[EventDate "2009.07.11"]
[EventType "swiss"]
[EventRounds "9"]
[EventCountry "WLS"]
[SourceTitle "CBM 131 Extra"]
[Source "ChessBase"]
[SourceDate "2009.09.03"]
[SourceVersion "2"]
[SourceVersionDate "2009.09.16"]
[SourceQuality "1"]

1. e4 c5 2. c3 Nf6 3. e5 Nd5 4. d4 cxd4 5. cxd4 e6 6. Nf3 d6 7. Bc4 Nc6 8. 0-0 Nb6 9. Bd3 dxe5 10. dxe5 Nd7 11. Qe2 Ndxe5 12. Nxe5 Nxe5 13. Qxe5 Qxd3 14. Nc3 Qd6 15. Qg5 h6 16. Qg4 Bd7 17. Bf4 Qb4 18. Qg3 Bc6 19. Be5 h5 20. a3 Qg4 21. h3 Qxg3 22. Bxg3 Rh6 23. b4 a6 24. f3 g5 25. Rab1 g4 26. hxg4 hxg4 27. f4 Bg7 28. Rbc1 Bd4+ 29. Bf2 Bxf2+ 30. Rxf2 Ke7 31. Rfc2 Rd8 32. Ne2 Rh5 33. Rc3 Rd2 34. R1c2 Rd1+ 35. Kf2 Rh2 36. Rg3 f5 37. Nc3 Rd3 38. Kg1 Rxg3 39. Kxh2 Re3 40. Kg1 g3 41. Kf1 Kf6 42. a4 Be4 43. Rc1 Bd3+ 44. Kg1 Bc2 45. Na2 Bxa4 46. Nc3 Bc6 47. Kf1 Rd3 48. Ne2 Bb5 49. Kg1 Rd2 50. Nxg3 Bc6 51. Kf1 Bxg2+ 52. Kg1 Bf3 0-1

[Event "Hastings Masters op 84th"]
[Site "Hastings"]
[Date "2009.01.02"]
[Round "6"]
[White "Salimbeni, George PW"]
[Black "Zhou, Yang Fan"]
[Result "0-1"]
[WhiteElo "2103"]
[BlackElo "2276"]
[PlyCount "82"]
[EventDate "2008.12.28"]
[EventType "swiss"]
[EventRounds "9"]
[EventCountry "ENG"]
[SourceTitle "CBM 128 Extra"]
[Source "ChessBase"]
[SourceDate "2009.03.05"]
[SourceVersion "2"]
[SourceVersionDate "2009.03.25"]
[SourceQuality "1"]

1. e4 c5 2. c3 Nf6 3. e5 Nd5 4. d4 cxd4 5. Nf3 e6 6. cxd4 d6 7. Bc4 Nc6 8. 0-0 Be7 9. Qe2 Nb6 10. Bb3 d5 11. Nc3 Bd7 12. Bf4 Rc8 13. Rac1 0-0 14. Bc2 f5 15. exf6 gxf6 16. Rfe1 Rf7 17. Bb1 a6 18. h4 Kh8 19. a3 Qg8 20. Qd3 Nc4 21. Re2 b5 22. a4 Qg4 23. Bg3 Rg8 24. axb5 axb5 25. b3 Nb4 26. Qd1 Na3 27. Re1 Nxb1 28. Rxb1 Qg7 29. Qe2 Bd6 30. Ng5 fxg5 31. Bxd6 Nc6 32. hxg5 Rf5 33. Nxb5 Rxg5 34. g3 e5 35. Qf3 e4 36. Qe3 Rf5 37. Bf4 Qg4 38. Kf1 Rh5 39. Kg1 Qh3 40. f3 Qh1+ 41. Kf2 Rh2# 0-1